Movies Quiz

Random Movies or Star Wars Quiz
Score 0/28 Timer 06:00
1 Play Today
Hint Answer % Correct
iv'e got a bad feeling about thishan solo
100%
into exile I must go, failed I haveMaster yoda
92%
BEEEPR2D2
92%
hello thereobi wan
88%
iv'e got a bad feeling about thisprincess leia organa
88%
as you wishdarth vader
88%
he's worth a lot to meboba fett
88%
the senate will decide your fatemace windu
88%
I like captain solo where he isJabba the hutt
84%
that light-saber belongs to mekylo ren
84%
twice the pride double the fallcount dooku
80%
I'm terribly sorryC3PO
80%
it's a trapadmiral ackbar
80%
get out of my headrey
80%
Hint Answer % Correct
who gave you permission to remove that helmet?Captain Phasma
80%
this is where the fun beginsanakin skywalker
76%
BEEEPBB8
76%
going somewhere solo?greedo
76%
I had no choicelando
64%
at last we shall have revengedarth maul
60%
I hit the ship but it was a decoyzam wiesel
56%
did you see that?finn
56%
what about the droid attack on the wookiesKi-Adi-Mundi
52%
You foolgeneral grievous
48%
release himtarkin
44%
what?padme
44%
the last day of the republicGeneral Hux
44%
NO THEY WONT!watto
36%

You're not logged in!

Compare scores with friends on all Sporcle quizzes.
OR
Log In

Sporcle TV

Today on Sporcle TV


Watch our educational content, quiz creation guides, and fun videos on Sporcle TV.

Show Comments

Extras

Top Quizzes Today


Score Distribution

Paid Content

Your Account Isn't Verified!

In order to create a playlist on Sporcle, you need to verify the email address you used during registration. Go to your Sporcle Settings to finish the process.

Report this User

Report this user for behavior that violates our Community Guidelines.

Details: